O Quebecu, tak ako sme ho videli počas svetového kongresu MDZ

Bibliographic Details
Main Author: Cápová, H. (Author)
Format: Article
Language:Slovak
PhysicalDescription:Fotogr.
Subjects:

MARC

LEADER 00000nab a2200000 a 4500
001 vtls000710455
003 SK-MaSNL
005 20260302195308.0
008 170412c1999 xo 0 slo
015 |a SNBRB2000/01-02982 
035 |a CLN000062622 
040 |a SNKBUCL  |b slo  |c SNKBUCL  |e AACR2 
041 0 |a slo 
044 |a xo  |c SK 
080 |a 334:061.4  |2 UDC-MRF-SK2 
080 |a 334(71)  |2 UDC-MRF-SK2 
100 1 |a Cápová, H.  |4 aut  |9 847068 
245 1 0 |a O Quebecu, tak ako sme ho videli počas svetového kongresu MDZ  |c napísala H. Cápová 
300 |b Fotogr. 
610 7 |a Medzinárodný družstevný zväz  |x kongresy  |y 1999  |2 snkbucl  |9 916624 
650 0 7 |a družstevníctvo  |z Kanada  |2 snkbucl  |9 916634 
655 7 |a články z novín a časopisov  |2 snkbucl  |9 267496 
773 0 |t Výrobné družstevníctvo  |g Roč. 45, č. 20 (1999), s. 12-13 
850 |a Slovenská národná knižnica v Martine 
852 |a SNK  |b KIS3GCP 
958 |a RBX 
958 |a CA 
999 |c 1452012  |d 1453942